UBT Library

Marketing-eine einführung : (Record no. 294)

000 -LEADER
fixed length control field 00634nam a22002057a 4500
008 - FIXED-LENGTH DATA ELEMENTS--GENERAL INFORMATION
fixed length control field 131113b xxu||||| |||| 00| 0 ger d
020 ## - INTERNATIONAL STANDARD BOOK NUMBER
International Standard Book Number 3806873313
041 0# - LANGUAGE CODE
Language code of text/sound track or separate title ger
080 ## - UNIVERSAL DECIMAL CLASSIFICATION NUMBER
Universal Decimal Classification number 339.138 : 658.8.012
100 1# - Rafti
Rafti Forsyth, Patrick
245 10 - TITLE STATEMENT
Title Marketing-eine einführung :
Statement of responsibility, etc Patrick Forsyth
260 ## -
-- [Germany] :
-- Falken ;
-- 1997.
300 ## -
-- 175 f. :
-- 23 cm.
490 ## -
-- Falken and pitman management
500 ## -
-- Vorwort : f. 6-7
500 ## -
-- Einleitung : f. 8-10
650 #0 -
-- Marketingu
650 #0 -
-- Marketingu industrial
942 ## - ADDED ENTRY ELEMENTS (KOHA)
Source of classification or shelving scheme
Item type Books
Holdings
Withdrawn status Lost status Source of classification or shelving scheme Damaged status Not for loan Collection code Permanent location Current location Shelving location Date acquired Total Checkouts Full call number Barcode Date last seen Koha item type
          Koleksioni i përgjithshem UBT - Prishtine UBT - Prishtine Koleksioni i përgjithshem 11/13/2013   339.138 : 658.8.012 FOR 001-000367 11/13/2013 Books
UBT Library © 2015-2024. All rights reserved University Education for Business and Technology